KHANNA PUBLISHERS ENVIRONMENTAL ENGINEERING : SEWAGE DISPOSAL AND AIR POLLUTION ENGINEERING VOL .II (Record no. 14159)

000 -LEADER
fixed length control field 00428nam a2200157Ia 4500
003 - CONTROL NUMBER IDENTIFIER
control field OSt
005 - DATE AND TIME OF LATEST TRANSACTION
control field 20260407165922.0
008 - FIXED-LENGTH DATA ELEMENTS--GENERAL INFORMATION
fixed length control field 260210s9999 xx 000 0 und d
020 ## - INTERNATIONAL STANDARD BOOK NUMBER
International Standard Book Number 9788174092304
082 ## - DEWEY DECIMAL CLASSIFICATION NUMBER
Classification number 628.2
100 ## - MAIN ENTRY--PERSONAL NAME
Personal name KHANNA PUB
245 #0 - TITLE STATEMENT
Title KHANNA PUBLISHERS ENVIRONMENTAL ENGINEERING : SEWAGE DISPOSAL AND AIR POLLUTION ENGINEERING VOL .II
260 ## - PUBLICATION, DISTRIBUTION, ETC. (IMPRINT)
Name of publisher, distributor, etc KHANNA PUB 1979
260 ## - PUBLICATION, DISTRIBUTION, ETC. (IMPRINT)
Date of publication, distribution, etc 1979
942 ## - ADDED ENTRY ELEMENTS (KOHA)
Item type B.PLAN
Source of classification or shelving scheme
Holdings
Withdrawn status Lost status Source of classification or shelving scheme Damaged status Koha normalized classification for sorting Not for loan Permanent location Current location Shelving location Date acquired Full call number Barcode Date last seen Price effective from Koha item type
        628_200000000000000   BMS College of Architecture, Design and Planning BMS College of Architecture, Design and Planning General Stacks 2025-12-25 628.2 AR-UG4957 2026-02-10 2026-02-10 B.PLAN
Copyright © 2025, The Librarian, Library and Information Centre, BMSCA D&P, Bengaluru. All Rights Reserved
web counter

Powered by Koha